000 00476nam a2200193Ia 4500
005 20240823025733.0
008 240823s9999||||xx |||||||||||||| ||und||
020 _a978-81-239-1506-7
041 _aENGLISH
082 _A624.1 P9
100 _aMurthy VNS
245 0 _aAdvanced Foundation Engineering
250 _a1st
260 _c2009
_b"CBS Publishers & Distributors,New "
500 _aTRANSFERED
650 _aFoundation
_bCivil
942 _cBK
999 _c187032
_d187032